|
|
|
|
| LEADER |
01120nam a2200301 a 4500 |
| 001 |
281 |
| 003 |
BD-DhAAL |
| 005 |
20150422123235.0 |
| 008 |
150422s1993 caua b 101 0 eng c |
| 010 |
|
|
|a 92049498
|
| 020 |
|
|
|a 0803943008 (cloth)
|
| 020 |
|
|
|a 0803943016 (pbk.)
|
| 040 |
|
|
|a DNLM/DLC
|c DLC
|d DLC
|d BD-DhAAL
|
| 050 |
0 |
0 |
|a RC489.R3
|b I55 1993
|
| 060 |
|
|
|a WM 420 I583
|
| 082 |
0 |
0 |
|a 616.89/14
|2 20
|
| 245 |
0 |
0 |
|a Innovations in rational-emotive therapy /
|c [edited by] Windy Dryden, Larry K. Hill.
|
| 260 |
|
|
|a Newbury Park, Calif. :
|b Sage Publications,
|c c1993.
|
| 300 |
|
|
|a v, 297 p. :
|b ill. ;
|c 23 cm.
|
| 504 |
|
|
|a Includes bibliographical references and index.
|
| 541 |
|
|
|e 281
|
| 650 |
|
0 |
|a Rational emotive behavior therapy
|v Congresses.
|9 10603
|
| 650 |
|
2 |
|a Psychotherapy, Rational-Emotive
|x congresses.
|9 10604
|
| 700 |
1 |
|
|a Dryden, Windy.
|9 10605
|
| 700 |
1 |
|
|a Hill, Larry K.
|9 10606
|
| 942 |
|
|
|2 ddc
|c BK
|
| 999 |
|
|
|c 34287
|d 34287
|
| 952 |
|
|
|0 0
|1 0
|2 ddc
|4 0
|6 616_891400000000000_INN
|7 0
|9 53530
|a SCL
|b SCL
|c GEN
|d 2015-04-22
|e Gift: The Asia Foundation
|l 0
|o 616.8914 INN
|p 3020000281
|r 2015-04-22
|t 1
|w 2015-04-22
|y BK
|